| 000 | 01299cam a2200397 i 4500 | ||
|---|---|---|---|
| 999 |
_c11312 _d11312 |
||
| 001 | 20021658 | ||
| 003 | GZU | ||
| 005 | 20240521122220.0 | ||
| 008 | 170921s2018 moua b 001 0 eng | ||
| 010 | _a 2017302773 | ||
| 020 | _a9780323396219 | ||
| 020 | _a0323396216 | ||
| 022 | _a. | ||
| 040 |
_aDLC _beng _erda _cDLC _dDLC |
||
| 042 | _apcc | ||
| 050 | 0 | 0 |
_aRT41 _b.DEW 2018 |
| 100 | 1 |
_aWilliams, Patricia, _d1961- _eauthor. |
|
| 240 | 1 | 0 | _aFundamental concepts and skills for nursing. |
| 245 | 1 | 0 |
_adeWit's fundamental concepts and skills for nursing / _cPatricia Williams |
| 250 | _aFifth edition. | ||
| 260 |
_aSt. Louis, Mo. : _bElsevier, _c[2018] |
||
| 300 |
_axxiv, 920 pages : _billustrations (chiefly color) ; _c28 cm |
||
| 336 |
_atext _btxt _2rdacontent |
||
| 337 |
_aunmediated _bn _2rdamedia |
||
| 338 |
_avolume _bnc _2rdacarrier |
||
| 500 | _aPrevious published as "Fundamental concepts and skills for nursing" by Susan C. de Wit. | ||
| 504 | _aIncludes bibliographical references (pages 857-865) and index. | ||
| 505 | _a. | ||
| 520 | _a. | ||
| 650 | 0 | _aNursing. | |
| 650 | 1 | 2 | _aNursing Process. |
| 650 | 2 | 2 | _aNursing Care. |
| 700 | 1 | _aO'Neill, Patricia A. | |
| 906 |
_a7 _bcbc _corigcop _d2 _encip _f20 _gy-gencatlg |
||
| 942 |
_2lcc _cBK _eFifth edition _h41 _iDEW _kRT |
||